01775nam a2200277 a 4500001001500000003000400015005001700019008004100036020003500077020003000112040000900142050001400151082001100165100002800176245006800204260004100272300002100313520080800334650004601142650003501188650003501223856008201258942001201340999001901352952012601371ASIN023010763XOSt20180116192421.0140227s2011 xxu eng d a023010763X (hardcover)c$28.00 a9780230107632 (hardcover) cSADA04aNA2542.3504a720.471 aChambers, Neil B.9738510aUrban green :barchitecture for the future /cNeil B. Chambers. a[S.l.] :bPalgrave Macmillan,c2011. a256 p. ;c24 cm. aSustainable design is booming, but the men and women dedicated to reducing their carbon impact have lost sight of what they are trying to save: the natural world. Author Neil Chambers has been at the forefront of cutting-edge, sustainable architecture for years, and Urban Green is his revolutionary vision for bringing the power of the conservation and design movements together. He advocates looking to nature for the missing components of the green revolution: oysters that can clean water at up to 5 liters an hour; beavers that reshape their environments while simultaneously enriching ecosystems; and mountains that offer a new way of imagining how a city could be built. By designing our homes and cities in harmony with the natural world, we can take the next step in the sustainable revolution. 0aArchitecture--Environmental aspects97386 0aEnvironmental protection97387 0aSustainable architecture97388403Amazon.comuhttp://www.amazon.com/exec/obidos/ASIN/023010763X/chopaconline-20 2ddccBK c353908d353908 00102ddc4070aSADAbSADAd2014-02-25l1o720.47 CHA 2011pSADA0002244r2016-06-10s2016-05-18v2588.83w2014-02-28yBK